|
|
|
|
| LEADER |
00000nam0a2200000 4500 |
| 001 |
110086 |
| 005 |
20231101214919.0 |
| 020 |
|
|
|a RU
|b 84-35662
|
| 035 |
|
|
|a (RuTPU)RU\TPU\book\118886
|
| 090 |
|
|
|a 110086
|
| 100 |
|
|
|a 20070219d1983 km y0rusy5003 ca
|
| 101 |
0 |
|
|a rus
|
| 102 |
|
|
|a LV
|
| 105 |
|
|
|a a z 001zy
|
| 200 |
1 |
|
|a Вопросы повышения эффективности функционирования авиационного и радиоэлектронного оборудования гражданской авиации
|e межвузовский сборник научных трудов
|f Рижский институт инженеров гражданской авиации им. Ленинского комсомола ; под ред. А. П. Зубрилова
|
| 210 |
|
|
|a Рига
|c РКИИГА
|d 1983
|
| 215 |
|
|
|a 123 с.
|c ил.
|
| 610 |
1 |
|
|a авиационное радиооборудование
|
| 610 |
1 |
|
|a летательные аппараты
|
| 610 |
1 |
|
|a электрооборудование
|
| 610 |
1 |
|
|a гражданская авиация
|
| 610 |
1 |
|
|a эффективность
|
| 610 |
1 |
|
|a самолеты
|
| 675 |
|
|
|a 629.73.05
|z rus
|
| 675 |
|
|
|a 629.73.06
|z rus
|
| 702 |
|
1 |
|a Зубрилов
|b А. П.
|4 340
|
| 712 |
0 |
2 |
|a Рижский институт инженеров гражданской авиации им. Ленинского комсомола
|2 stltpush
|3 (RuTPU)RU\TPU\col\8524
|9 24545
|
| 801 |
|
0 |
|a RU
|b RuMRKP
|c 19950704
|g psbo
|
| 801 |
|
1 |
|a RU
|b 63413507
|c 20070219
|g PSBO
|
| 801 |
|
2 |
|a RU
|b 63413507
|c 20080917
|g PSBO
|
| 942 |
|
|
|c BK
|